Normal view
MARC view
- International Conference on Mathematical Physics
Entry Meeting Name
001 - CONTROL NUMBER
- control field: 10317
003 - CONTROL NUMBER IDENTIFIER
- control field: NUST
005 - DATE AND TIME OF LATEST TRANSACTION
- control field: 20180521043911.0
008 - FIXED-LENGTH DATA ELEMENTS
- fixed length control field: 180521|| aca||aabn | a|a d
040 ## - CATALOGING SOURCE
- Original cataloging agency: NUST
- Transcribing agency: NUST
111 ## - HEADING--MEETING NAME
- Meeting name or jurisdiction name as entry element: International Conference on Mathematical Physics
- Number of part/section/meeting: (13th :
- Date of meeting: 2000 :
- Location of meeting: Imperial College, London)
670 ## - SOURCE DATA FOUND
- Source citation: Work cat.: (NUST)0: Mathematical physics 2000 /, c2000.
